| Tag |
First Indicator |
Second Indicator |
Subfields |
| LEADER |
00000cam a2200000 i 4500 |
| 001 |
in00004042001 |
| 005 |
20181023093619.0 |
| 006 |
m o d f |
| 007 |
cr n|||||||||| |
| 008 |
141123s2001 vauab ob f000 0 eng c |
| 035 |
|
|
|a (OCoLC)ocn896811508
|
| 040 |
|
|
|a COP
|b eng
|e rda
|e pn
|c COP
|d OCLCO
|d OCLCF
|d GPO
|d MvI
|d UtOrBLW
|
| 042 |
|
|
|a pcc
|
| 043 |
|
|
|a n-us-nm
|a n-us-co
|
| 049 |
|
|
|a WWW
|
| 074 |
|
|
|a 0624 (online)
|
| 086 |
0 |
|
|a I 19.16:1420
|
| 100 |
1 |
|
|a Craigg, Steven D.,
|e author.
|0 http://id.loc.gov/authorities/names/n82100915
|
| 245 |
1 |
0 |
|a Geologic framework of the San Juan structural basin of New Mexico, Colorado, Arizona, and Utah, with emphasis on Triassic through Tertiary rocks /
|c by Steven D. Craigg.
|
| 264 |
|
1 |
|a Reston, Virginia :
|b U.S. Department of the Interior, U.S. Geological Survey,
|c 2001.
|
| 300 |
|
|
|a 1 online resource (vii, 70 pages) :
|b illustrations, color maps.
|
| 336 |
|
|
|a text
|b txt
|2 rdacontent
|
| 337 |
|
|
|a computer
|b c
|2 rdamedia
|
| 338 |
|
|
|a online resource
|b cr
|2 rdacarrier
|
| 490 |
1 |
|
|a Regional aquifer-system analysis--San Juan Basin, New Mexico
|
| 490 |
1 |
|
|a U.S. Geological Survey professional paper ;
|v 1420
|
| 504 |
|
|
|a Includes bibliographical references (pages 57-63).
|
| 588 |
|
|
|a Description based on online resource, PDF version; title from PDF title page (USGS, viewed October 16, 2014).
|
| 650 |
|
0 |
|a Geology, Stratigraphic
|y Mesozoic.
|0 http://id.loc.gov/authorities/subjects/sh85054098
|
| 650 |
|
0 |
|a Geology, Stratigraphic
|y Tertiary.
|0 http://id.loc.gov/authorities/subjects/sh85054114
|
| 650 |
|
0 |
|a Geology
|z San Juan Basin (N.M. and Colo.)
|
| 651 |
|
0 |
|a San Juan Basin (N.M. and Colo.)
|0 http://id.loc.gov/authorities/subjects/sh86000314
|
| 650 |
|
7 |
|a Geology.
|2 fast
|0 (OCoLC)fst00940627
|
| 650 |
|
7 |
|a Geology, Stratigraphic.
|2 fast
|0 (OCoLC)fst00940727
|
| 650 |
|
7 |
|a Mesozoic Geologic Period.
|2 fast
|0 (OCoLC)fst01353691
|
| 650 |
|
7 |
|a Tertiary Geologic Period.
|2 fast
|0 (OCoLC)fst01355136
|
| 651 |
|
7 |
|a United States
|z San Juan Basin.
|2 fast
|0 (OCoLC)fst01310422
|
| 648 |
|
7 |
|a From 2 to 230 million years ago
|2 fast
|
| 710 |
2 |
|
|a Geological Survey (U.S.),
|e issuing body.
|0 http://id.loc.gov/authorities/names/n80092173
|
| 776 |
0 |
8 |
|i Print version:
|a Craigg, Steven D.
|t Geologic framework of the San Juan structural basin of New Mexico, Colorado, Arizona, and Utah, with emphasis on Triassic through Tertiary rocks
|w (DLC) 95037186
|w (OCoLC)33166086
|
| 830 |
|
0 |
|a U.S. Geological Survey professional paper ;
|v 1420.
|0 http://id.loc.gov/authorities/names/n88643688
|
| 830 |
|
0 |
|a Regional aquifer-system analysis--San Juan Basin, New Mexico.
|0 http://id.loc.gov/authorities/names/no95042101
|
| 856 |
4 |
0 |
|u https://purl.fdlp.gov/GPO/gpo90965
|t 0
|
| 999 |
f |
f |
|s 2a598de5-4f46-31d1-ae9b-088f4003b4b8
|i c4aa0216-0bf2-3585-8c9d-6a13774d3d54
|t 0
|
| 952 |
f |
f |
|a Texas A&M University
|b College Station
|c Electronic Resources
|d Available Online
|t 0
|e I 19.16:1420
|h Superintendent of Documents classification
|
| 998 |
f |
f |
|a I 19.16:1420
|t 0
|l Available Online
|